A Textbook of botany volume 1 / (Record no. 10794)

MARC details
000 -LEADER
fixed length control field 00681cam a22002412 4500
001 - CONTROL NUMBER
control field 0000004677
005 - DATE AND TIME OF LATEST TRANSACTION
control field 20151217154349.0
008 - FIXED-LENGTH DATA ELEMENTS--GENERAL INFORMATION
fixed length control field 070528s xx 000 0 eng d
020 ## - INTERNATIONAL STANDARD BOOK NUMBER
International Standard Book Number 070699616X :
Terms of availability GBP 27.95
040 ## - CATALOGING SOURCE
Original cataloging agency KABU
Transcribing agency KABU
050 #0 - LIBRARY OF CONGRESS CALL NUMBER
Classification number QK47
Item number .P36
100 1# - MAIN ENTRY--PERSONAL NAME
Personal name Pandey, S. N.
-- 0000155363
245 12 - TITLE STATEMENT
Title A Textbook of botany volume 1 /
Statement of responsibility, etc. S. N. Pandey, P. S. Trivedi.
250 ## - EDITION STATEMENT
Edition statement 10th Rev. ed.
260 ## - PUBLICATION, DISTRIBUTION, ETC. (IMPRINT)
Place of publication, distribution, etc. New Delhi :
Name of publisher, distributor, etc. Vikas Publishing,
Date of publication, distribution, etc. 1994.
300 ## - PHYSICAL DESCRIPTION
Extent 613 p.
362 0# - DATES OF PUBLICATION AND/OR SEQUENTIAL DESIGNATION
Dates of publication and/or sequential designation vol. 1.
650 #0 - SUBJECT ADDED ENTRY--TOPICAL TERM
Topical term or geographic name as entry element Botany.
-- 0000016761
700 1# - ADDED ENTRY--PERSONAL NAME
Personal name Trivedi, P. S.
-- 0000155364
908 ## - PUT COMMAND PARAMETER (RLIN)
Put command parameter 070528
950 ## - LOCAL HOLDINGS (RLIN)
-- 1
Holdings
Withdrawn status Lost status Source of classification or shelving scheme Not for loan Home library Current library Date acquired Total Checkouts Full call number Barcode Date last seen Date last checked out Price effective from Koha item type
    Library of Congress Classification   Kabarak, Main Campus Kabarak, Main Campus 17/12/2015 11 QK47 .P36 016420 20/02/2023 11/02/2023 17/12/2015 General Collection
Designed with assistance from East African Informatics Ltd